|
|
|
|
| LEADER |
01223nam a2200253 a 4500 |
| 001 |
615568 |
| 008 |
110516r20001992caua b 001 0 eng |
| 010 |
|
|
|a 92023448
|
| 020 |
|
|
|a 1878739085 :
|c $29.95 ($36.95 Can.)
|
| 040 |
|
|
|a DLC
|c DLC
|d DLC
|d BD-DhAAL
|
| 082 |
0 |
0 |
|a 005.26/2
|2 20
|
| 100 |
1 |
|
|a Lafore, Robert
|q (Robert W.)
|
| 245 |
1 |
0 |
|a Object-oriented programming in Microsoft C++ /
|c Robert Lafore.
|
| 250 |
|
|
|a 1st ed.
|
| 260 |
|
|
|a Corte Madera, CA :
|b Waite Group Press ;
|a Emeryville, CA :
|b Distributed by Publishers Group West ;
|n ew Delhi :
|b Galgotia,
|c c1992 [reprinted 2000].
|
| 300 |
|
|
|a xxv, 756 p. :
|b ill. ;
|c 23 cm.
|
| 504 |
|
|
|a Includes bibliographical references (p. 741-742) and index.
|
| 541 |
|
|
|e 00007725
|
| 650 |
|
0 |
|a Object-oriented programming (Computer science)
|
| 650 |
|
0 |
|a C++ (Computer program language)
|
| 852 |
1 |
|
|a Ayesha Abed Library
|c General shelf.
|
| 999 |
|
|
|c 10851
|d 10851
|
| 952 |
|
|
|0 0
|1 0
|2 ddc
|4 0
|6 005_262000000000000_LAF
|7 0
|9 16492
|a BRACUL
|b BRACUL
|c GEN
|d 2011-05-16
|l 0
|o 005.262 LAF
|p 3010007725
|r 2011-05-16
|t 1
|w 2011-05-16
|y BK
|
| 952 |
|
|
|0 0
|1 0
|2 ddc
|4 0
|6 005_262000000000000_LAF
|7 0
|9 19044
|a BRACUL
|b BRACUL
|c GEN
|d 2012-01-03
|l 2
|m 30
|o 005.262 LAF
|p 3010007782
|r 2026-02-01
|s 2024-05-13
|t 2
|w 2012-01-03
|y BK
|